<?xml version="1.0" encoding="UTF-8"?><?xml-stylesheet type="text/xsl" href="static/style.xsl"?><OAI-PMH xmlns="http://www.openarchives.org/OAI/2.0/" xmlns:xsi="http://www.w3.org/2001/XMLSchema-instance" xsi:schemaLocation="http://www.openarchives.org/OAI/2.0/ http://www.openarchives.org/OAI/2.0/OAI-PMH.xsd"><responseDate>2026-04-19T01:36:38Z</responseDate><request verb="GetRecord" identifier="oai:riubu.ubu.es:10259/9553" metadataPrefix="marc">https://riubu.ubu.es/oai/request</request><GetRecord><record><header><identifier>oai:riubu.ubu.es:10259/9553</identifier><datestamp>2024-09-11T22:01:03Z</datestamp><setSpec>com_10259_2699</setSpec><setSpec>col_10259_2727</setSpec></header><metadata><record xmlns="http://www.loc.gov/MARC21/slim" xmlns:doc="http://www.lyncode.com/xoai" xmlns:xsi="http://www.w3.org/2001/XMLSchema-instance" xmlns:dcterms="http://purl.org/dc/terms/" xsi:schemaLocation="http://www.loc.gov/MARC21/slim http://www.loc.gov/standards/marcxml/schema/MARC21slim.xsd">
<leader>00925njm 22002777a 4500</leader>
<datafield tag="042" ind1=" " ind2=" ">
<subfield code="a">dc</subfield>
</datafield>
<datafield tag="720" ind1=" " ind2=" ">
<subfield code="a">González Saiz, Beatriz</subfield>
<subfield code="e">author</subfield>
</datafield>
<datafield tag="260" ind1=" " ind2=" ">
<subfield code="c">2024</subfield>
</datafield>
<datafield tag="520" ind1=" " ind2=" ">
<subfield code="a">Muchos compuestos heterocíclicos nitrogenados son considerados estructuras&#xd;
privilegiadas al tratarse de sistemas con una actividad biológica muy diferente en función&#xd;
de su sustitución, siendo por ello sistemas con un gran interés para la industria&#xd;
farmacéutica. Esto explica el hecho de que, en los últimos años, el desarrollo de&#xd;
metodologías sintéticas eficientes para su obtención haya constituido un objetivo&#xd;
fundamental en la investigación química, siendo las reacciones multicomponente basadas&#xd;
en isonitrilos (IMCRs) una de las herramientas con mayor potencial. Así, la reacción de Ugi&#xd;
permite la obtención de sistemas pseudopeptídicos en una primera etapa, estos aductos si&#xd;
están debidamente funcionalizados permiten obtener de forma sencilla compuestos&#xd;
heterocíclicos complejos en etapas de post-condensación.&#xd;
En este trabajo se ha estudiado el potencial de la secuencia Ugi/sustitución nucleófila&#xd;
para la síntesis de compuestos heterocíclicos nitrogenados de distinta naturaleza como&#xd;
pirrolopiperazinas, pirrolomorfolinas o pirroloquinazolinas. Para ello se han utilizado como&#xd;
reactivos de partida, junto a arilglioxales, diferentes ácidos carboxílicos halogenados y&#xd;
aminas con posiciones nucleófilas (alcoholes) o electrófilas (ésteres o halogenuros) en su&#xd;
cadena lateral. Además, se ha estudiado el resultado estereoquímico de estas reacciones,&#xd;
llegándose en algunos casos a compuestos enantioméricamente puros al utilizar reactivos&#xd;
de partida con información quiral.</subfield>
</datafield>
<datafield tag="520" ind1=" " ind2=" ">
<subfield code="a">Nitrogen heterocyclic compounds are extremely important in the pharmaceutical industry due to their diverse biological activity. The development of simple and efficient methodologies for their synthesis is a constant challenge in organic chemistry. The Ugi reaction represents an efficient methodology for the synthesis of this type of compounds, mainly because it allows the generation of pseudopeptidic systems in a single step and with high atom economy. Moreover, isocyanide, the fundamental reagent in the Ugi reaction, is compatible with different functional groups, enabling the use of functionalised starting reagents. Ugi adducts with functionalised substituents are likely to undergo postcondensation reactions, significantly increasing the synthetic potential of the Ugi reaction.   Arylglyoxal is used in all Ugi and Passerini reactions throughout this work, due to its capability to form β-ketoamides in a single step. This substructure is key in almost all the reaction steps investigated, as it can act as a nucleophile from (1) the peptidyl position; (2) the oxygen of the carbonyl group, allowing the formation of ketals and rearrangement products or (3) the nitrogen of the amide. Additionally, it can be easily removed by a debenzoylation reaction.  In the first chapter, a novel methodology for the synthesis of enantiomerically pure pyrrolopiperazine-2,6-diones (and pyrrolopiperazines) is described. A one-pot Ugi/nucleophilic substitution/N-acylation/debenzoylation sequence is carried out, using 3bromopropionic acid, phenylglyoxal and α-amino esters as double functionalised reagents. The incorporation of chiral information in the structure of α-amino esters allows the synthesis of these compounds with complete diastereoselectivity.</subfield>
</datafield>
<datafield tag="024" ind2=" " ind1="8">
<subfield code="a">http://hdl.handle.net/10259/9553</subfield>
</datafield>
<datafield tag="024" ind2=" " ind1="8">
<subfield code="a">10.36443/10259/9553</subfield>
</datafield>
<datafield ind1=" " ind2=" " tag="653">
<subfield code="a">Compuestos heterocíclicos nitrogenados</subfield>
</datafield>
<datafield ind1=" " ind2=" " tag="653">
<subfield code="a">Reacción de Ugi</subfield>
</datafield>
<datafield ind1=" " ind2=" " tag="653">
<subfield code="a">Arilglioxales</subfield>
</datafield>
<datafield ind1=" " ind2=" " tag="653">
<subfield code="a">Ácidos halogenados</subfield>
</datafield>
<datafield ind1=" " ind2=" " tag="653">
<subfield code="a">Aminas alquílicas funcionalizadas</subfield>
</datafield>
<datafield ind1=" " ind2=" " tag="653">
<subfield code="a">Nitrogen heterocyclic compounds</subfield>
</datafield>
<datafield ind1=" " ind2=" " tag="653">
<subfield code="a">Ugi reaction</subfield>
</datafield>
<datafield ind1=" " ind2=" " tag="653">
<subfield code="a">Arylglyoxal</subfield>
</datafield>
<datafield ind1=" " ind2=" " tag="653">
<subfield code="a">Halogenated acids</subfield>
</datafield>
<datafield ind1=" " ind2=" " tag="653">
<subfield code="a">Functionalized alkyl amines</subfield>
</datafield>
<datafield tag="245" ind1="0" ind2="0">
<subfield code="a">Nuevas estrategias para la síntesis de heterociclos nitrogenados complejos basadas en reacciones multicomponente tipo Ugi</subfield>
</datafield>
</record></metadata></record></GetRecord></OAI-PMH>